000 00942cab a22002055a 4500
001 E149235
008 100209e20100209xxk 000 0 eng d
035 _a(Sirsi) u149235
041 0 _aeng
110 2 _aHomes for Scotland
245 0 0 _aScottish housing crisis worst since Second World War
_h[electronic resource]
260 _c2010
490 _aHomes for Scotland News Release
520 _aHomes for Scotland suggest that it may take up to ten years for Scotland's housing output to return to pre credit crunch levels of around 25 000 units per annum, which is still significantly below the Scottish Government's target of 35 000 units by 2015.
590 _aKA
651 4 _aScotland
_y1999-
690 _aPROPERTY-RESIDENTIAL PROPERTY-DOMESTIC RESIDENTIAL PROPERTY-HOUSING
856 4 0 _uhttps://www.homesforscotland.com/114/article.aspx?Site=1
_zView the news release free of charge at www.homesforscotland.com...
942 _n0
999 _c82087
_d82087